| 000 | 00500nam a2200181Ia 4500 | ||
|---|---|---|---|
| 999 |
_c16695 _d16695 |
||
| 003 | OSt | ||
| 005 | 20200606115959.0 | ||
| 008 | 190216s9999||||xx |||||||||||||| ||und|| | ||
| 020 | _a8188571253 | ||
| 040 | _cMESKC library | ||
| 082 |
_a954 _bSAI/B |
||
| 100 |
_aSaiyyad, Manjoor _9355 |
||
| 245 | 0 |
_aBharat Kal Aur Aaj / _cManjoor Saiyyad |
|
| 260 |
_bChinthan Prakashan, _c2007. _aKanpur: |
||
| 300 | _a120p | ||
| 650 | _aHindi | ||
| 942 |
_cBK _2ddc _h954 _iSAI/B _k954 _mSAI/B |
||